Geography Quiz

Random Geography or City Quiz

US Cities Venn Diagram Quiz Stats

 Plays Quiz Updated Feb 24, 2019

Score 0/16 Timer 06:00
0 Plays Today
% Correct
Virginia Beach
81.3%
Frankfort
76.4%
Honolulu
75.6%
New York
74.3%
Tallahassee
73%
Tucson
72.8%
Anchorage
72.3%
Seattle
70.1%
% Correct
Indianapolis
67.9%
Las Vegas
67.6%
Memphis
66.6%
Santa Fe
66.6%
Boston
65.9%
Denver
64.4%
Sacramento
64.3%
Louisville
55.3%

You're not logged in!

Compare scores with friends on all Sporcle quizzes.
OR
Log In

Sporcle TV

Today on Sporcle TV


Watch our educational content, quiz creation guides, and fun videos on Sporcle TV.

Show Comments

Extras

Top Quizzes Today


Score Distribution

Your Account Isn't Verified!

In order to create a playlist on Sporcle, you need to verify the email address you used during registration. Go to your Sporcle Settings to finish the process.

Report this User

Report this user for behavior that violates our Community Guidelines.

Details: